01727nam a22003977a 4500003000500000005001700005008004100022010001000063011001000073035001000083040000900093090001000102100004200112245016900154260004000323300002000363502009900383590003700482590004100519590004100560590004100601590004100642590004100683590004200724650005200766650005500818650003200873650003200905901000700937942000900944949004300953949005500996999001701051952013301068952012801201CHAP20220329141012.0971013s1996 r 00010 d a61127 a62099 a66273 cCHAP aTesis00aCruz Guzmán, Carlos Eduardo.929417 aAnálisis de las ventajas comparativas de la producción de maíz, bajo tres tipos de tecnología en el Distrito de Desarrollo Rural 089 de Sahuayo, Michoacán aChapingo, Méx. :bEl autor,c1996 a66 h.b; anexos aTesis (Ing. Agr. Esp. en Economía Agrícola) -- UACH. Departamento de Economía Agrícola aALEPHb10c20130110lUCH01h1340 aBATCH-UPDb10c20130110lUCH01h0631 aBATCH-UPDb10c20130110lUCH01h2338 aBATCH-UPDb10c20130410lUCH01h0314 aBATCH-UPDb10c20130410lUCH01h1627 aBATCH-UPDb10c20130914lUCH01h1207 aCONVERSIONb10c20130109lUCH01h133314aAgriculturaxInnovaciones tecnológicas.9156514aDistrito de Desarrollo Rural Sahuayo, Mich.93281114aMaízxMichoacán.97101914aMaízxRendimiento.971051 aBK cFOLL bBCcTESd-151445eTS1h29288i66273si bBCcTESd33724000620514eTS2fc.2h29289i66273si c61127d61127 00102local4053708TESISaBCbBCcPA_TESISd2019-12-31fTESISl0p33724000620514r2019-12-31 00:00:00tc.2w2019-12-31yTESIS 00102local4051708TESISaBCbBCcPA_TESISd2019-12-31fTESISl0oTesisp-151445r2019-12-31 00:00:00w2019-12-31yTESIS